Гербы Европейских стран - Statistics

General Stats
  • This quiz has been taken 103 times
  • The average score is 18 of 43
Answers on the Map
Answers color-coded by a green-red scale on the quiz's map according to % correct below.
 
Answer Stats
Answer % Correct
Б. и Герцеговина
79%
Албания
78%
Белоруссия
73%
Украина
71%
Германия
70%
Хорватия
65%
Швейцария
63%
Польша
62%
Австрия
62%
Мальта
60%
Исландия
60%
Испания
59%
Италия
57%
Венгрия
54%
Словакия
52%
Словения
52%
Португалия
51%
Греция
48%
Молдавия
46%
Сан-Марино
46%
Сербия
41%
Ирландия
41%
Ватикан
41%
Литва
40%
Андорра
40%
Великобритания
37%
Чехия
30%
Финляндия
27%
Черногория
27%
Франция
24%
Румыния
24%
Бельгия
21%
С. Македония
21%
Латвия
17%
Монако
17%
Болгария
16%
Дания
16%
Люксембург
16%
Лихтенштейн
16%
Швеция
14%
Нидерланды
13%
Эстония
13%
Норвегия
10%
No matching quizzes found
Score Distribution
Percent of People with Each Score
Percentile by Number Answered
Your Score History
You have not taken this quiz